Döntéstámogatás és üzleti intelligencia

Bibliográfiai részletek
Szerző: Sármásy Márton
További közreműködők: Czakó Dezső
Dokumentumtípus: Diplomadolgozat
Kulcsszavak:Üzleti intelligencia
Szoftverpiac
Procter and Gamble
Nagyvállalatok
Online Access:http://dolgozattar.uni-bge.hu/4624

MARC

LEADER 00000nta a2200000 i 4500
001 dolg4624
005 20160913111551.0
008 151214suuuu hu om 000 hun d
040 |a BGE Dolgozattár Repozitórium  |b hun 
041 |a hu 
100 1 |a Sármásy Márton 
245 1 0 |a Döntéstámogatás és üzleti intelligencia  |c Sármásy Márton  |h [elektronikus dokumentum] 
695 |a Üzleti intelligencia 
695 |a Szoftverpiac 
695 |a Procter and Gamble 
695 |a Nagyvállalatok 
700 1 |a Czakó Dezső  |e ths 
856 4 0 |u http://dolgozattar.uni-bge.hu/4624/1/Szakdolgozat_S%C3%A1rm%C3%A1syM%C3%A1rton_y51tm2.pdf  |z Dokumentum-elérés